El juego y sus proyecciones sociales

Đã lưu trong:
Chi tiết về thư mục
Tác giả chính: Fingermann, Gregorio (Tác giả)
Định dạng: Sách
Ngôn ngữ:Tiếng Tây Ban Nha
Được phát hành: Buenos Aires El Ateneo 1970
Loạt:Colección de estudios humanísticos, sección sociedad y cultura
Những chủ đề:
Các nhãn: Thêm thẻ
Không có thẻ, Là người đầu tiên thẻ bản ghi này!

MARC

LEADER 00000nam a2200000 a 4500
001 UCW4642
003 CL-VaPUC
008 900611e19700000AG |||||||||||||||||spa|d
082 0 4 |a 790.013  |b FIN  |2 21 
100 0 |a Fingermann, Gregorio  |e author  |9 309426 
245 1 3 |a El juego y sus proyecciones sociales 
300 |a 161 p 
942 |c BK 
945 |d 19900611 00:00:00 
260 |a Buenos Aires  |b El Ateneo  |c 1970 
650 0 |a Juegos   |9 243060 
650 0 |a Aspectos psicológicos  |9 258128 
650 0 |a Aspectos sociales  |9 254894 
650 0 |a Teoría de juegos  |9 263826 
650 7 |a JUEGOS POLITICOS  |2 CL-VaPUC  |9 309427 
650 0 |a Juegos educativos  |9 307366 
583 |a last modification  |c 19900611 00:00:00  |k Rodrigo Vera 
490 0 |a Colección de estudios humanísticos, sección sociedad y cultura 
999 |c 218312  |d 218310 
952 |0 0  |1 0  |4 0  |6 790_013000000000000_FIN_1970  |7 0  |8 P  |9 207658  |a BIBEDU  |b BIBEDU  |c BIBEDU_PB  |d 2019-11-15  |i 2754614  |o 790.013 FIN 1970  |p 2754614  |r 2024-01-25  |w 2019-11-15  |y BK  |k EDU